Тихоокеанская археология: технологии, миграции, адаптации и материальная культура в древности (Запись № 11785811)

Подробности
000 -МАРКЕР
контрольное поле 03086nam0a2200385 4500
001 - ИДЕНТИФИКАТОР ЗАПИСИ
контрольное поле RU\NLR\BIBL_A\012077293
005 - ИДЕНТИФИКАТОР ВЕРСИИ
контрольное поле 20201130162831.0
010 ## - МЕЖДУНАРОДНЫЙ СТАНДАРТНЫЙ НОМЕР КНИГИ (ISBN)
Номер (ISBN) 978-5-7444-4508-9
Тираж 500
021 ## - НОМЕР ГОСУДАРСТВЕННОЙ РЕГИСТРАЦИИ
Код страны Российская Федерация
Номер КН-П-19-051896
Номер Листа государственной регистраци КН-П-19-3754
035 ## - ДРУГИЕ СИСТЕМНЫЕ НОМЕРА
Идентификатор записи (NLR Aleph) 012077293
035 ## - ДРУГИЕ СИСТЕМНЫЕ НОМЕРА
Идентификатор записи (RuMoRGB)010036940
100 ## - ДАННЫЕ ОБЩЕЙ ОБРАБОТКИ
Данные общей обработки 20190819d2019 k y0rusy50 ca
101 0# - ЯЗЫК РЕСУРСА
Язык текста, звукозаписи и т.д. русский
-- английский
102 ## - СТРАНА ПУБЛИКАЦИИ ИЛИ ПРОИЗВОДСТВА
Страна публикации Российская Федерация
105 ## - ПОЛЕ КОДИРОВАННЫХ ДАННЫХ: ТЕКСТОВЫЕ МАТЕРИАЛЫ, МОНОГРАФИЧЕСКИЕ
Кодированные данные о монографическом текстовом документе ab||zzzz1||zy
200 1# - ЗАГЛАВИЕ И СВЕДЕНИЯ ОБ ОТВЕТСТВЕННОСТИ
Основное заглавие Тихоокеанская археология: технологии, миграции, адаптации и материальная культура в древности
Параллельное заглавие Pacific archaeology: technologies, migrations, adaptations and material culture in the ancient time
Сведения, относящиеся к заглавию 2-й Международный симпозиум, Владивосток, 6-9 мая 2019 г.
-- тезисы докладов
Первые сведения об ответственности Дальневосточный федеральный университет, Школа искусств и гуманитарных наук [и др.
Последующие сведения об ответственности ответственный редактор: к.ист.н. А. Н. Попов]
210 ## - ПУБЛИКАЦИЯ, РАСПРОСТРАНЕНИЕ И ДР.
Место издания, распространения и т.д. Владивосток
Имя издателя, распространителя и т. д. Изд-во ДВФУ
Дата издания, распространения и т.д. 2019
215 ## - ФИЗИЧЕСКАЯ ХАРАКТЕРИСТИКА
Специфическое обозначение материала и объем 56, [1] с.
Другие сведения о физической характеристике ил., карт.
Размеры 21 см
300 ## - ОБЩИЕ ПРИМЕЧАНИЯ
Текст примечания Загл. обл.: Второй Международный симпозиум "Тихоокеанская археология: технологии, миграции, адаптации и материальная культура в древности"
300 ## - ОБЩИЕ ПРИМЕЧАНИЯ
Текст примечания Текст рус., англ.
320 ## - ПРИМЕЧАНИЯ О НАЛИЧИИ В ДОКУМЕНТЕ БИБЛИОГРАФИИ / УКАЗАТЕЛЯ
Текст примечания Библиогр. в конце ст.
510 1# - ПАРАЛЛЕЛЬНОЕ ЗАГЛАВИЕ
Параллельное заглавие Pacific archaeology: technologies, migrations, adaptations and material culture in the ancient time
Язык заглавия английский
512 1# - ЗАГЛАВИЕ ОБЛОЖКИ
Заглавие обложки Второй Международный симпозиум "Тихоокеанская археология: технологии, миграции, адаптации и материальная культура в древности"
607 ## - ГЕОГРАФИЧЕСКОЕ НАИМЕНОВАНИЕ КАК ПРЕДМЕТ
Географическое наименование Азиатско-Тихоокеанские страны
Формальный подзаголовок Съезды, совещания и т.п
Тематический подзаголовок Археологические исследования
Системный номер авторитетной/нормативной записи 2565645
Идентификатор авторитетной/нормативной записи RU\NLR\AUTH\661517435
686 1# - ИНДЕКСЫ ДРУГИХ КЛАССИФИКАЦИЙ
Индекс Т4(54,5)я431
702 #1 - ИМЯ ЛИЦА - ВТОРИЧНАЯ ОТВЕТСТВЕННОСТЬ
Код отношения Редактор
Графика поля Кириллица
Материалы, к которым относится поле rus
Начальный элемент ввода Попов
Часть имени, кроме начального элемента ввода А. Н.
Дополнения к именам, кроме дат канд. ист. наук, археолог
Даты 1966-
Расширение инициалов личного имени Александр Николаевич
Системный номер авторитетной/нормативной записи 5880
Идентификатор авторитетной/нормативной записи RU\NLR\AUTH\7722825
711 12 - НАИМЕНОВАНИЕ ОРГАНИЗАЦИИ - АЛЬТЕРНАТИВНАЯ ОТВЕТСТВЕННОСТЬ
Начальный элемент ввода "Тихоокеанская археология: технологии, миграции, адаптации и материальная культура в древности", международный симпозиум
Порядковый номер временной организации и / или порядковый номер ее части 2
Место проведения временной организации Владивосток
Дата проведения временной организации 2019
Системный номер авторитетной/нормативной записи 675407
Идентификатор авторитетной/нормативной записи RU\NLR\AUTH\880507637
712 02 - НАИМЕНОВАНИЕ ОРГАНИЗАЦИИ - ВТОРИЧНАЯ ОТВЕТСТВЕННОСТЬ
Код отношения Прочие
Начальный элемент ввода Дальневосточный федеральный университет
Структурное подразделение Школа искусств и гуманитарных наук
Идентифицирующий признак Владивосток
Системный номер авторитетной/нормативной записи 618556
Идентификатор авторитетной/нормативной записи RU\NLR\AUTH\880478880
942 ## - ДОПОЛНИТЕЛЬНЫЕ ЭЛЕМЕНТЫ ЗАПИСИ (АБИС)
Тип экземпляра АБИС Книга
980 ## - КОЛЛЕКЦИЯ
Название коллекции НБР
980 ## - КОЛЛЕКЦИЯ
Название коллекции Национальная библиография

Нет доступных экземпляров.